| 000 | 00664nam a22001697a 4500 | ||
|---|---|---|---|
| 003 | OSt | ||
| 005 | 20240619145248.0 | ||
| 008 | 240619b ||||| |||| 00| 0 eng d | ||
| 040 | _cAIMIT LIBRARY | ||
| 100 |
_aPinto, Delrina Carmel. _e2116049 _9171226 |
||
| 245 |
_aStudy on the influence of sustainability consciousness green washing and green trust on green perceived quality and green purchase intention / _cBy Delrina Carmel Pinto ; Guided by Justine P James. |
||
| 260 |
_aMangalore _c2023 |
||
| 650 |
_aData sources _9171227 |
||
| 700 |
_aJames, Justine P. _eGuide _9171228 |
||
| 856 |
_3Alter marketing solutions Pvt Ltd _ywww.alt.or.com |
||
| 942 |
_2ddc _cPRO |
||
| 999 |
_c231241 _d231241 |
||